| 000 | 005120000a22001690004500 | ||
|---|---|---|---|
| 003 | MACL | ||
| 005 | 20160102132140.0 | ||
| 008 | 160102b xxu||||| |||| 00| 0 eng d | ||
| 040 |
_aMACL _cMACL |
||
| 041 | _aEnglish | ||
| 082 | _a590/DAV | ||
| 100 |
_aDavis, J R Ainsworth _927056 |
||
| 245 |
_aThe Natural History of Animals _bThe Animal Life Of The World In Its Various Aspects and Relations vol 6 |
||
| 260 |
_bThe Gresham Publishing Company _aLondon |
||
| 650 |
_aAnimals _927057 |
||
| 942 |
_cBK _k590/DAV _2ddc |
||
| 999 |
_c38069 _d38069 |
||